| 000 | 00586nam a22001337a 4500 | ||
|---|---|---|---|
| 020 | _a969-8122-15-X | ||
| 082 | _a620.3 PRO | ||
| 100 |
_aDR. G YASIN CHOHAN MUHAMMAD AMIR DR.M ASHRAF ATTA _961830 |
||
| 245 | _aPROCEEDINGS 3RD INTERNATIONAL SYMPOSIUM ON MECHANICAL VIBRATIONS, ISMV-2002 | ||
| 260 |
_aPAKISTAN _bA. Q. KHAN R. L _c2002 |
||
| 300 | _aXVII,428P | ||
| 650 |
_aVIBRATION ANALYSIS CONGRESSES, ROTOR DYNAMICS CONGRESSES, VIBRATION MEASUREMENT CONGRESSES, ROTATIONAL MOTION RIGID DYNAMICS CONGRESSES, NOISE CONTROL CONGRESSES, VIBRATION CONTROL CONGRESSES _961831 |
||
| 942 | _cBK | ||
| 999 |
_c571147 _d571147 |
||